Integrated Esge postgraduate course for eastern European countries

Bibliographic Details
Main Author: Kotrlík, J. (Author)
Format: Article
Language:Czech
ISSN:1210-7824
Subjects:

MARC

LEADER 00000nab a2200000 a 4500
001 vtls000583719
003 SK-MaSNL
005 20260319074403.0
008 220422c1996 xo 0 cze
015 |a SNBRB19rr/mm-uuuuu 
035 |a CL0583858 
040 |a SNKBUCL  |b slo  |c SNKBUCL  |e AACR2 
041 0 |a cze 
044 |a xo  |c SK 
080 |a 616.3(4):061.3  |2 1981 
100 1 |a Kotrlík, J.  |4 aut  |9 899364 
245 1 0 |a Integrated Esge postgraduate course for eastern European countries  |c J. Kotrlík 
650 0 7 |a gastroenterológia  |2 snkbucl  |9 1164 
651 7 |a Európa východná  |2 snkbucl  |9 167635 
655 7 |a články z novín a časopisov  |2 snkbucl  |9 267496 
773 0 |t Česká a slovenská gastroenterologie  |g Roč. 50, č. 1 (1996), s. 31  |x 1210-7824 
850 |a Slovenská národná knižnica v Martine  |a MTA001 
852 |a SNK  |b KIS3GCP 
958 |a RK 
958 |a ME 
992 |a RBX 
999 |c 1590813  |d 1592743